000 00883nam a2200253 a 4500
001 23534
003 BD-RjUL
005 20211209000936.0
008 140223s1959 -usacb edb 000 0 eng d
035 _aOCLC 01870370 from fd09
_a(BD-RjUL)23599
040 _aDLC
_cFQG
_dEQO
_dEQO
_dBD-RjUL
_beng
041 _aeng
082 _a032
_221
_bENC 1959
245 1 0 _aEncyclopaedia Britannica :
_ba new survey of universal knowledge /
_cWalter Yust, ...[et. al.], ed.
_nVolume 9 :
_pEXTRACTION to GAMBRINUS
260 _aChicago ;
_aLondon :
_bEncyclopaedia Britannica,
_cc1959
300 _a1000 p.:
_bill. ;
_c28 cm.
500 _aIndex and atlas - Vol. 24.
504 _aIncludes bibliographies.
650 0 _aEncyclopedias and dictionaries
_958499
700 1 _aYust, Walter,...[et. al.], ed.
_d1894-
_958500
942 _2ddc
_cREF
999 _c23534
_d23534